Normal view
MARC view
- Urban & Regional Planning - MS Theses.
Entry Topical Term
001 - CONTROL NUMBER
- control field: 30478
003 - CONTROL NUMBER IDENTIFIER
- control field: NUST
005 - DATE AND TIME OF LATEST TRANSACTION
- control field: 20200922103839.0
008 - FIXED-LENGTH DATA ELEMENTS
- fixed length control field: 200922|| aca||aabn | a|a d
040 ## - CATALOGING SOURCE
- Original cataloging agency: NUST
- Transcribing agency: NUST
150 ## - HEADING--TOPICAL TERM
- Topical term or geographic name entry element: Urban & Regional Planning - MS Theses.
670 ## - SOURCE DATA FOUND
- Source citation: Work cat.: (NUST): Rizwan, Fauzia 30477, Sustainable Water Supply System for Islamabad – The Capital of Pakistan / , 2018.
